[Event "3. Cerrado Club de Ajedrez Villaverde 2"]
[Site "Madrid"]
[Date "2008.10.07"]
[Round "1.1"]
[White "Vazquez Gonzalez, Jesus"]
[Black "Gutierrez Ramirez, Bruno"]
[Result "0-1"]
[WhiteElo "2071"]
[BlackElo "1994"]
[PlyCount "82"]
[EventDate "2008.10.07"]
[EventType "team-swiss"]
[EventRounds "9"]
[EventCountry "ESP"]
[Source "lmi"]
[SourceDate "2008.10.07"]

1. e4 e6 2. Nf3 d5 3. Nc3 c5 4. exd5 exd5 5. Bb5+ Nc6 6. Qe2+ Be7 7. Ne5 Qd6 8.
O-O Nf6 9. Re1 Be6 10. d3 d4 11. Bf4 dxc3 12. Nxf7 Qxf4 13. Nxh8 Ng4 14. Qxe6
Qxh2+ 15. Kf1 Qh1+ 16. Ke2 Qxg2 17. Qf7+ Kd8 18. Bxc6 bxc6 19. Qf3 Qxf3+ 20.
Kxf3 Nh6 21. bxc3 Bf6 22. Rh1 Bxc3 23. Rag1 Kd7 24. Ng6 hxg6 25. Rxg6 Rf8+ 26.
Ke2 Nf5 27. Kd1 Ne7 28. Rg2 Bd4 29. c4 Rb8 30. Rh7 Nf5 31. Rh5 Ke6 32. Rg6+ Bf6
33. Rg4 Rb1+ 34. Kd2 Rb2+ 35. Ke1 Nd4 36. Rxc5 Rxa2 37. Re4+ Kd6 38. Rh5 a5 39.
Re8 a4 40. Ra8 a3 41. Rha5 Ra1+ 0-1

[Event "3. Cerrado Club de Ajedrez Villaverde 2"]
[Site "Madrid"]
[Date "2008.10.07"]
[Round "1.2"]
[White "Martin Rodriguez, Emilio"]
[Black "Ballesteros Gonzalez, David"]
[Result "0-1"]
[WhiteElo "2144"]
[BlackElo "2276"]
[PlyCount "96"]
[EventDate "2008.10.07"]
[EventType "team-swiss"]
[EventRounds "9"]
[EventCountry "ESP"]
[Source "lmi"]
[SourceDate "2008.10.07"]

1. d4 Nf6 2. c4 g6 3. Nc3 Bg7 4. e4 d6 5. f4 c5 6. d5 O-O 7. Nf3 e6 8. dxe6
fxe6 9. Bd3 Nc6 10. O-O Nd4 11. Kh1 e5 12. Nxd4 cxd4 13. Nd5 Nxd5 14. cxd5 Qh4
15. g3 Qh3 16. Bd2 Bg4 17. Be2 Bxe2 18. Qxe2 Rac8 19. Rac1 Bh6 20. Qg2 Qxg2+
21. Kxg2 exf4 22. gxf4 Rxc1 23. Bxc1 Rc8 24. Kf3 Rc2 25. h4 Kf7 26. Kg4 b5 27.
a3 a5 28. b3 Ke7 29. Rd1 Bg7 30. Bd2 Ra2 31. Bxa5 Rxa3 32. Bb6 Rxb3 33. h5 d3
34. hxg6 hxg6 35. Kf3 Bh6 36. Be3 b4 37. Bd2 Bg7 38. Ke3 Bc3 39. Rc1 Bxd2+ 40.
Kxd2 Kd7 41. Rg1 Kc7 42. Rxg6 Kb6 43. e5 Kc5 44. Ke3 dxe5 45. d6 exf4+ 46. Kxf4
d2 47. Rg1 Rd3 48. Rd1 Kc4 0-1

[Event "3. Cerrado Club de Ajedrez Villaverde 2"]
[Site "Madrid"]
[Date "2008.10.07"]
[Round "1.3"]
[White "Lopez Andujar Ocaña, Antonio"]
[Black "Anton Guijarro, David"]
[Result "0-1"]
[WhiteElo "2115"]
[BlackElo "2086"]
[PlyCount "70"]
[EventDate "2008.10.07"]
[EventType "team-swiss"]
[EventRounds "9"]
[EventCountry "ESP"]
[Source "lmi"]
[SourceDate "2008.10.07"]

1. c4 e5 2. Nc3 Nf6 3. g3 Bb4 4. Nf3 Bxc3 5. bxc3 d6 6. Bg2 O-O 7. O-O h6 8. d3
Re8 9. Rb1 c6 10. Nd2 Nbd7 11. h3 Nf8 12. e4 Ng6 13. f4 exf4 14. gxf4 Nh4 15.
Nf3 Nxg2 16. Kxg2 Qd7 17. Ng1 Nh7 18. Qf3 f5 19. Ba3 Qc7 20. Ne2 fxe4 21. dxe4
Nf6 22. Ng3 Be6 23. Bxd6 Qxd6 24. e5 Qd8 25. exf6 Bxc4 26. Rfd1 Qxf6 27. Kh2
Bd5 28. Rxd5 cxd5 29. Qxd5+ Kh8 30. Rxb7 Qxf4 31. Rf7 Re2+ 32. Kh1 Qxg3 33.
Qxa8+ Kh7 34. Rxg7+ Qxg7 35. Qf3 Re1+ 0-1

[Event "3. Cerrado Club de Ajedrez Villaverde 2"]
[Site "Madrid"]
[Date "2008.10.07"]
[Round "1.4"]
[White "Ferreiro Calvo, Manuel"]
[Black "Vukotic Jovsic, Dragan"]
[Result "1-0"]
[WhiteElo "2001"]
[BlackElo "2066"]
[PlyCount "97"]
[EventDate "2008.10.07"]
[EventType "team-swiss"]
[EventRounds "9"]
[EventCountry "ESP"]
[Source "lmi"]
[SourceDate "2008.10.07"]

1. c4 e6 2. Nf3 d5 3. cxd5 exd5 4. d4 Nf6 5. g3 Bb4+ 6. Bd2 Bxd2+ 7. Nbxd2 O-O
8. Bg2 c6 9. O-O Re8 10. e3 Bg4 11. Qb3 Qb6 12. Qc3 Nbd7 13. b4 Ne4 14. Nxe4
dxe4 15. Nd2 Nf6 16. a3 Be2 17. Rfc1 Nd5 18. Qc5 f5 19. Nc4 Bxc4 20. Qxc4 a6
21. Rab1 Qb5 22. Qa2 Kf8 23. Bf1 Qb6 24. Bc4 Rad8 25. Qe2 Qc7 26. Bb3 Rd6 27.
Qh5 g6 28. Qe2 Kg7 29. Rc5 Red8 30. Rbc1 Qe7 31. Qd2 Qf6 32. a4 g5 33. b5 axb5
34. axb5 Ne7 35. bxc6 bxc6 36. Ra1 f4 37. Bc4 f3 38. Ra7 R8d7 39. Qa5 h6 40.
Re5 Nd5 41. Rxe4 Qf5 42. Re8 Qb1+ 43. Bf1 Nf6 44. Rea8 Ng4 45. Qd8 Nxh2 46.
Rxd7+ Rxd7 47. Qxd7+ Kg6 48. Qxc6+ Kh5 49. Kxh2 1-0

[Event "3. Cerrado Club de Ajedrez Villaverde 2"]
[Site "Madrid"]
[Date "2008.10.07"]
[Round "1.5"]
[White "Ramirez Garcia, Jorge Alberto"]
[Black "Suarez Triguero, Jose Alfonso"]
[Result "1/2-1/2"]
[WhiteElo "2238"]
[BlackElo "2106"]
[PlyCount "126"]
[EventDate "2008.10.07"]
[EventType "team-swiss"]
[EventRounds "9"]
[EventCountry "ESP"]
[Source "lmi"]
[SourceDate "2008.10.07"]

1. e4 Nf6 2. Nc3 d5 3. exd5 Nxd5 4. Bc4 e6 5. Qf3 c6 6. d4 Qf6 7. Be3 Bb4 8.
Qxf6 Nxf6 9. Nge2 b6 10. O-O-O Ba6 11. Bb3 Nd5 12. Bd2 Nxc3 13. Nxc3 Nd7 14.
Rhe1 O-O-O 15. a3 Be7 16. d5 cxd5 17. Nxd5 Bf6 18. Nxf6 Nxf6 19. Bc3 Rxd1+ 20.
Rxd1 Rd8 21. f3 Bb7 22. Rxd8+ Kxd8 23. Kd2 Kd7 24. Be5 Ne8 25. Ke3 f6 26. Bc3
Nc7 27. Bd2 Nd5+ 28. Kf2 b5 29. a4 a6 30. h4 Nb6 31. axb5 axb5 32. c3 Nc4 33.
Bc1 Bd5 34. Bc2 g6 35. Kg3 e5 36. h5 Bf7 37. Kf2 Ke6 38. Be4 f5 39. Bc6 Nd6 40.
hxg6 hxg6 41. Ke3 Be8 42. Ba8 Nc4+ 43. Kd3 Na5 44. Kc2 Kd6 45. Bg5 Bf7 46. b4
Nc4 47. Kd3 Bd5 48. Be7+ Ke6 49. Bxd5+ Kxd5 50. Bf6 Ke6 51. Bg5 Kd5 52. Be3 e4+
53. fxe4+ fxe4+ 54. Ke2 Ke6 55. Bd4 g5 56. Kf2 Nd6 57. Ke3 Kd5 58. g4 Nf7 59.
Bf6 Ne5 60. Bxg5 Nxg4+ 61. Kf4 Ne5 62. Bd8 Nc6 63. Bf6 Kc4 1/2-1/2

[Event "3. Cerrado Club de Ajedrez Villaverde 2"]
[Site "Madrid"]
[Date "2008.10.09"]
[Round "2.2"]
[White "Vukotic Jovsic, Dragan"]
[Black "Ramirez Garcia, Jorge Alberto"]
[Result "0-1"]
[WhiteElo "2066"]
[BlackElo "2238"]
[PlyCount "104"]
[EventDate "2008.10.07"]
[EventType "team-swiss"]
[EventRounds "9"]
[EventCountry "ESP"]
[Source "lmi"]
[SourceDate "2008.10.07"]

1. d4 d5 2. Bf4 Nf6 3. Nf3 e6 4. e3 c5 5. c3 Nc6 6. Qb3 Bd6 7. Ne5 Bxe5 8. dxe5
Nd7 9. Bb5 O-O 10. Bxc6 bxc6 11. Nd2 Ba6 12. c4 Qa5 13. Qc3 Qxc3 14. bxc3 Bxc4
15. Nxc4 dxc4 16. e4 Nb6 17. a4 a5 18. Be3 Nd7 19. f4 Rfb8 20. O-O Rb3 21. Rfc1
Kf8 22. Kf1 Rab8 23. Rd1 Rxc3 24. Bd2 Rd3 25. Bxa5 f6 26. Bc7 Ra8 27. Ke2 Rd4
28. Ke3 Rxa4 29. Rxa4 Rxd1 30. Bd6+ Kf7 31. Ra7 c3 32. Ra2 fxe5 33. fxe5 Rd2
34. Rxd2 cxd2 35. Kxd2 Ke8 36. Kd3 Kd8 37. Kc4 Kc8 38. g4 Kb7 39. h4 Kb6 40. g5
g6 41. Kc3 Kb5 42. Bc7 c4 43. Bd6 Nb6 44. Ba3 Na4+ 45. Kc2 Nc5 46. Bc1 Nxe4 47.
Be3 Kb4 48. Bf4 c3 49. Be3 Kc4 50. Bf4 Nc5 51. Bh2 Nd3 52. Bg3 Nb4+ 0-1

[Event "3. Cerrado Club de Ajedrez Villaverde 2"]
[Site "Madrid"]
[Date "2008.10.09"]
[Round "2.3"]
[White "Anton Guijarro, David"]
[Black "Ferreiro Calvo, Manuel"]
[Result "1-0"]
[WhiteElo "2086"]
[BlackElo "2001"]
[PlyCount "163"]
[EventDate "2008.10.07"]
[EventType "team-swiss"]
[EventRounds "9"]
[EventCountry "ESP"]
[Source "lmi"]
[SourceDate "2008.10.07"]

1. d4 f5 2. e4 fxe4 3. Nc3 Nf6 4. Bg5 d5 5. Bxf6 exf6 6. Qh5+ g6 7. Qxd5 Bb4 8.
Qxe4+ Kf7 9. Bc4+ Kg7 10. Qf4 Re8+ 11. Nge2 Bxc3+ 12. bxc3 Nd7 13. O-O Nb6 14.
Bd3 Be6 15. h4 Qd6 16. Qd2 c5 17. Rfe1 Bf7 18. Qf4 Qc6 19. dxc5 Qxc5 20. Qd4
Qc7 21. h5 Re5 22. Qf4 Qe7 23. h6+ Kg8 24. Red1 Bd5 25. Ng3 Rc8 26. Qb4 Qe6 27.
a4 a5 28. Qa3 Nd7 29. Bb5 Nb6 30. Bd3 Qc6 31. Re1 Rce8 32. Rxe5 Rxe5 33. Rb1
Nc8 34. Bb5 Qe6 35. Qc1 Nd6 36. Bd3 Qg4 37. Qd2 Qxa4 38. Re1 Rxe1+ 39. Qxe1 Qe8
40. Qa1 Qd8 41. Ne2 Nf7 42. Nf4 Nxh6 43. Qa4 Bf7 44. Bc4 Kh8 45. Bxf7 Nxf7 46.
c4 Ne5 47. Nd5 Nc6 48. Qa1 Kg7 49. Qb2 b6 50. Nxb6 Qd1+ 51. Kh2 Ne5 52. Qa3
Ng4+ 53. Kg3 h5 54. Qe7+ Kh6 55. Qf8+ Kg5 56. f4+ Kf5 57. Qc8+ Ke4 58. Qe6+ Ne5
59. fxe5 Qe1+ 60. Kh2 Qh4+ 61. Kg1 Qe1+ 62. Kh2 Qh4+ 63. Qh3 Qf4+ 64. Qg3 Qxe5
65. Qxe5+ Kxe5 66. c5 f5 67. Nc4+ Kd5 68. Nxa5 Kxc5 69. Nb3+ Kc4 70. Nd2+ Kc3
71. Nf3 Kxc2 72. Nh4 g5 73. Nxf5 Kd3 74. Kg3 Ke2 75. Nd4+ Ke3 76. Nf3 g4 77.
Nh4 Ke4 78. Kf2 Kf4 79. g3+ Ke4 80. Ng2 Kf5 81. Ke3 Ke5 82. Nh4 1-0

[Event "3. Cerrado Club de Ajedrez Villaverde 2"]
[Site "Madrid"]
[Date "2008.10.13"]
[Round "3.1"]
[White "Martin Rodriguez, Emilio"]
[Black "Gutierrez Ramirez, Bruno"]
[Result "1/2-1/2"]
[WhiteElo "2144"]
[BlackElo "1994"]
[PlyCount "98"]
[EventDate "2008.10.07"]
[EventType "team-swiss"]
[EventRounds "9"]
[EventCountry "ESP"]
[Source "lmi"]
[SourceDate "2008.10.07"]

1. d4 e6 2. c4 Nf6 3. Nf3 b6 4. g3 Ba6 5. b3 Bb4+ 6. Bd2 Be7 7. Bg2 d5 8. Nc3
Nbd7 9. Ne5 Bb7 10. Nxd7 Qxd7 11. O-O c5 12. dxc5 d4 13. Bxb7 Qxb7 14. Nb5 bxc5
15. e3 h5 16. exd4 a6 17. Na3 cxd4 18. Nc2 d3 19. Ne1 O-O-O 20. c5 Qe4 21. Qf3
h4 22. Qxe4 Nxe4 23. Be3 Bf6 24. Rd1 hxg3 25. hxg3 d2 26. Nf3 Bc3 27. Ng5 Nxg5
28. Bxg5 Rd5 29. Be3 Bb4 30. Kg2 Rhd8 31. c6 Kc7 32. Rh1 Kxc6 33. Rh7 Bc3 34.
Rh4 Bd4 35. Bxd4 Rxd4 36. Rxd4 Rxd4 37. Kf3 Kc5 38. Ke3 e5 39. a3 f5 40. Rxd2
Rxd2 41. Kxd2 Kd4 42. Kc2 a5 43. Kd2 g6 44. Kc2 g5 45. Kd2 e4 46. b4 axb4 47.
axb4 f4 48. gxf4 gxf4 49. b5 e3+ 1/2-1/2

[Event "3. Cerrado Club de Ajedrez Villaverde 2"]
[Site "Madrid"]
[Date "2008.10.13"]
[Round "3.3"]
[White "Lopez Andujar Ocaña, Antonio"]
[Black "Vazquez Gonzalez, Jesus"]
[Result "1/2-1/2"]
[WhiteElo "2115"]
[BlackElo "2071"]
[PlyCount "102"]
[EventDate "2008.10.07"]
[EventType "team-swiss"]
[EventRounds "9"]
[EventCountry "ESP"]
[Source "lmi"]
[SourceDate "2008.10.07"]

1. c4 Nc6 2. Nc3 Nf6 3. g3 e5 4. Nf3 g6 5. Bg2 Bg7 6. O-O O-O 7. d3 h6 8. e4 d6
9. Rb1 Be6 10. Nd5 Kh7 11. b4 Nh5 12. b5 Ne7 13. Nh4 Qd7 14. Nxe7 Qxe7 15. Nf5
Bxf5 16. exf5 Rab8 17. Be3 a5 18. bxa6 bxa6 19. Rxb8 Rxb8 20. fxg6+ fxg6 21.
Qa4 Nf6 22. Ba7 Rf8 23. Qxa6 c5 24. Bb6 e4 25. dxe4 Nxe4 26. Qa7 Qxa7 27. Bxa7
Nxf2 28. h3 Bd4 29. Kh2 Re8 30. a4 Re2 31. a5 Ra2 32. Bb6 Kg7 33. Bc7 g5 34.
Re1 Be5 35. Bb6 Kf6 36. Rf1 Kg7 37. Rxf2 Rxf2 38. a6 Ra2 39. a7 d5 40. Kg1 dxc4
41. a8=Q Rxa8 42. Bxa8 Bxg3 43. Kg2 Bd6 44. Bd8 c3 45. Be4 Kf7 46. Kf3 Be7 47.
Bxe7 Kxe7 48. Kg4 Kf7 49. Kh5 Kg7 50. Bc2 c4 51. Be4 c2 1/2-1/2

[Event "3. Cerrado Club de Ajedrez Villaverde 2"]
[Site "Madrid"]
[Date "2008.10.13"]
[Round "3.5"]
[White "Suarez Triguero, Jose Alfonso"]
[Black "Vukotic Jovsic, Dragan"]
[Result "1-0"]
[WhiteElo "2106"]
[BlackElo "2066"]
[PlyCount "87"]
[EventDate "2008.10.07"]
[EventType "team-swiss"]
[EventRounds "9"]
[EventCountry "ESP"]
[Source "lmi"]
[SourceDate "2008.10.07"]

1. e4 c5 2. c4 d6 3. Ne2 e5 4. d3 Nc6 5. Nbc3 Nf6 6. g3 Bg4 7. Bg2 Nd4 8. O-O
Nf3+ 9. Kh1 Qd7 10. Qa4 Qxa4 11. Nxa4 Nxh2 12. f3 Nxf1 13. fxg4 Nxg3+ 14. Nxg3
Nxg4 15. Kg1 h5 16. Bf3 g6 17. Bxg4 hxg4 18. Nc3 Rh3 19. Kg2 Kd7 20. Nd5 Be7
21. Be3 Bh4 22. Bf2 Bxg3 23. Bxg3 f5 24. Rf1 f4 25. Nxf4 exf4 26. Rxf4 Rg8 27.
Rf7+ Ke6 28. Rxb7 Rf8 29. Rg7 Rf6 30. b3 a6 31. a3 a5 32. a4 Rh8 33. Be1 Rb8
34. Bxa5 Rxb3 35. Bd8 Rf3 36. Re7+ Kf6 37. Rb7+ Ke5 38. Rxb3 Kf4 39. Bc7 Rg3+
40. Kf2 Rf3+ 41. Ke2 g3 42. Bxd6+ Kg4 43. Bxc5 g2 44. Rb1 1-0

[Event "3. Cerrado Club de Ajedrez Villaverde 2"]
[Site "Madrid"]
[Date "2008.10.14"]
[Round "4.1"]
[White "Gutierrez Ramirez, Bruno"]
[Black "Vukotic Jovsic, Dragan"]
[Result "1-0"]
[WhiteElo "1994"]
[BlackElo "2066"]
[PlyCount "63"]
[EventDate "2008.10.07"]
[EventType "team-swiss"]
[EventRounds "9"]
[EventCountry "ESP"]
[Source "lmi"]
[SourceDate "2008.10.07"]

1. e4 e6 2. d4 d5 3. Nc3 Bb4 4. e5 c5 5. a3 Bxc3+ 6. bxc3 Qc7 7. Nf3 Nc6 8. Bd3
cxd4 9. cxd4 Nxd4 10. Nxd4 Qc3+ 11. Qd2 Qxa1 12. Bb5+ Bd7 13. Bxd7+ Kxd7 14.
O-O Rc8 15. Qb4 Qc3 16. Qxb7+ Rc7 17. Qb5+ Ke7 18. Rd1 f6 19. Qa6 fxe5 20.
Qxe6+ Kf8 21. Qxe5 Rc4 22. Rd3 Rxd4 23. Rxd4 Nf6 24. h3 Kf7 25. Bg5 Re8 26. Qf4
Qxc2 27. Bxf6 gxf6 28. Rxd5 Re1+ 29. Kh2 Re7 30. Rd6 Qc3 31. g4 Qxa3 32. Qxf6+
1-0

[Event "3. Cerrado Club de Ajedrez Villaverde 2"]
[Site "Madrid"]
[Date "2008.10.14"]
[Round "4.3"]
[White "Ballesteros Gonzalez, David"]
[Black "Ramirez Garcia, Jorge Alberto"]
[Result "1/2-1/2"]
[WhiteElo "2276"]
[BlackElo "2238"]
[PlyCount "97"]
[EventDate "2008.10.07"]
[EventType "team-swiss"]
[EventRounds "9"]
[EventCountry "ESP"]
[Source "lmi"]
[SourceDate "2008.10.07"]

1. Nf3 Nf6 2. c4 c6 3. d4 d5 4. Nc3 e6 5. cxd5 exd5 6. Bg5 Bf5 7. Qb3 Qb6 8.
Qxb6 axb6 9. Bxf6 gxf6 10. e3 Bb4 11. Be2 O-O 12. O-O Nd7 13. Rfc1 b5 14. a3
Bxc3 15. Rxc3 Nb6 16. Rac1 Bg4 17. h3 Bxf3 18. Bxf3 f5 19. Be2 Kg7 20. g4 fxg4
21. hxg4 f5 22. Kg2 fxg4 23. Rh1 Rf6 24. Rh4 h5 25. Rxh5 Raf8 26. Bxg4 Rxf2+
27. Kg3 Rxb2 28. Rc1 Rb3 29. Rg5+ Kf6 30. Re5 Kg7 31. Rh1 Rf6 32. Rg5+ Rg6 33.
Rxg6+ Kxg6 34. Kf4 Rxa3 35. Bf5+ Kf6 36. Rh6+ Ke7 37. Rh7+ Kd6 38. Rxb7 Ra6 39.
Rh7 Ra8 40. Rh6+ Kc7 41. Rh7+ Kd6 42. Rh6+ Kc7 43. Rh7+ Kb8 44. e4 dxe4 45.
Bxe4 Ra7 46. Rh8+ Kb7 47. Rh7+ Kb8 48. Rh8+ Kc7 49. Rh7+ 1/2-1/2

[Event "3. Cerrado Club de Ajedrez Villaverde 2"]
[Site "Madrid"]
[Date "2008.10.14"]
[Round "4.4"]
[White "Vazquez Gonzalez, Jesus"]
[Black "Ferreiro Calvo, Manuel"]
[Result "1-0"]
[WhiteElo "2071"]
[BlackElo "2001"]
[PlyCount "53"]
[EventDate "2008.10.07"]
[EventType "team-swiss"]
[EventRounds "9"]
[EventCountry "ESP"]
[Source "lmi"]
[SourceDate "2008.10.07"]

1. e4 d5 2. exd5 Qxd5 3. Nc3 Qa5 4. d4 Nf6 5. Bc4 Bf5 6. Qe2 e6 7. Bd2 c6 8.
Nd5 Qd8 9. Nxf6+ gxf6 10. O-O-O Be7 11. g4 Bg6 12. Nf3 Nd7 13. h4 h5 14. g5 Qc7
15. gxf6 Bxf6 16. Rhg1 Bf5 17. Ng5 Nb6 18. Bxe6 fxe6 19. Nxe6 Bxe6 20. Qxe6+
Qe7 21. Qf5 Qf7 22. Rde1+ Be7 23. Rxe7+ Qxe7 24. Re1 Qxe1+ 25. Bxe1 Nd5 26.
Qe6+ Ne7 27. Bb4 1-0

[Event "3. Cerrado Club de Ajedrez Villaverde 2"]
[Site "Madrid"]
[Date "2008.10.16"]
[Round "5.1"]
[White "Lopez Andujar Ocaña, Antonio"]
[Black "Gutierrez Ramirez, Bruno"]
[Result "1-0"]
[WhiteElo "2115"]
[BlackElo "1994"]
[PlyCount "73"]
[EventDate "2008.10.07"]
[EventType "team-swiss"]
[EventRounds "9"]
[EventCountry "ESP"]
[Source "lmi"]
[SourceDate "2008.10.07"]

1. c4 c6 2. g3 d5 3. b3 Nf6 4. Bb2 Bf5 5. Nf3 Na6 6. Bg2 Nb4 7. d3 dxc4 8. Nd4
Bg6 9. a3 e5 10. axb4 exd4 11. bxc4 Bxb4+ 12. Nd2 O-O 13. O-O Bh5 14. Nb3 c5
15. Bxb7 Rb8 16. Bg2 Qe7 17. f3 Rfe8 18. Rf2 a5 19. Bc1 Bc3 20. Ra4 Qa7 21. Bf4
Rb4 22. Nc1 Qb6 23. Rf1 Rb2 24. Ra2 h6 25. h4 Nd7 26. Qa4 Re7 27. Rxb2 Bxb2 28.
Bh3 Nf8 29. Kf2 f6 30. Bd2 Bc3 31. Bxc3 dxc3 32. Nb3 Be8 33. Qa3 Bd7 34. Bxd7
Nxd7 35. Nxa5 Qe6 36. e4 Qe5 37. Nc6 1-0

[Event "3. Cerrado Club de Ajedrez Villaverde 2"]
[Site "Madrid"]
[Date "2008.10.16"]
[Round "5.2"]
[White "Ferreiro Calvo, Manuel"]
[Black "Martin Rodriguez, Emilio"]
[Result "1-0"]
[WhiteElo "2001"]
[BlackElo "2144"]
[PlyCount "61"]
[EventDate "2008.10.07"]
[EventType "team-swiss"]
[EventRounds "9"]
[EventCountry "ESP"]
[Source "lmi"]
[SourceDate "2008.10.07"]

1. c4 c6 2. d4 d5 3. Nc3 Nf6 4. Nf3 g6 5. Bg5 Bg7 6. e3 Ne4 7. Nxe4 dxe4 8. Nd2
Qa5 9. c5 e5 10. dxe5 Bxe5 11. Bc4 h6 12. Bh4 Nd7 13. O-O Nxc5 14. a3 Bxb2 15.
Nb3 Nxb3 16. Qxb3 Qc3 17. Bxf7+ Kf8 18. Ra2 Qxb3 19. Bxb3 Be5 20. f3 exf3 21.
Rxf3+ Ke8 22. Bf7+ Kd7 23. Bxg6 Kc7 24. Rd2 Bg4 25. Rf7+ Kb6 26. Re7 Rhg8 27.
Bf7 Rg7 28. h3 Bf5 29. Rxe5 Rxf7 30. Bd8+ Ka6 31. Ra5# 1-0

[Event "3. Cerrado Club de Ajedrez Villaverde 2"]
[Site "Madrid"]
[Date "2008.10.16"]
[Round "5.3"]
[White "Ramirez Garcia, Jorge Alberto"]
[Black "Vazquez Gonzalez, Jesus"]
[Result "1-0"]
[WhiteElo "2238"]
[BlackElo "2071"]
[PlyCount "57"]
[EventDate "2008.10.07"]
[EventType "team-swiss"]
[EventRounds "9"]
[EventCountry "ESP"]
[Source "lmi"]
[SourceDate "2008.10.07"]

1. e4 Nc6 2. Nf3 d5 3. exd5 Qxd5 4. Nc3 Qa5 5. Bb5 Bg4 6. b4 Qxb4 7. a4 a6 8.
Be2 O-O-O 9. a5 Qf4 10. O-O e5 11. Ra4 Qf5 12. h3 Bxf3 13. Bxf3 Qd7 14. Re1 Bd6
15. d3 f5 16. Be3 Nd4 17. Bxd4 exd4 18. Qb1 c6 19. Ne4 Nf6 20. Nd2 Rhe8 21. Nc4
Rxe1+ 22. Qxe1 Bc7 23. Nb6+ Bxb6 24. axb6 Re8 25. Qa1 Rd8 26. Bxc6 bxc6 27.
Rxa6 Qd6 28. Ra7 c5 29. Qa6+ 1-0

[Event "3. Cerrado Club de Ajedrez Villaverde 2"]
[Site "Madrid"]
[Date "2008.10.16"]
[Round "5.4"]
[White "Suarez Triguero, Jose Alfonso"]
[Black "Ballesteros Gonzalez, David"]
[Result "0-1"]
[WhiteElo "2106"]
[BlackElo "2276"]
[PlyCount "64"]
[EventDate "2008.10.07"]
[EventType "team-swiss"]
[EventRounds "9"]
[EventCountry "ESP"]
[Source "lmi"]
[SourceDate "2008.10.07"]

1. e4 c5 2. c4 Nc6 3. Ne2 Nf6 4. Nbc3 e5 5. d3 d6 6. Ng3 Be7 7. Be2 O-O 8. O-O
Nd4 9. Be3 a6 10. Bxd4 cxd4 11. Nb1 b5 12. Nd2 Be6 13. b3 Nd7 14. Bg4 Nc5 15.
Bxe6 fxe6 16. cxb5 axb5 17. b4 Nxd3 18. Qb3 Nf4 19. a4 bxa4 20. Rxa4 Rxa4 21.
Qxa4 Qc7 22. Rb1 Qc3 23. Nf3 Rc8 24. Qa6 d3 25. Nd2 Rf8 26. Qa2 d5 27. b5 Bc5
28. Nf3 Bb6 29. Rd1 Qc2 30. Qxc2 dxc2 31. Rc1 Rc8 32. Ne1 d4 0-1

[Event "3. Cerrado Club de Ajedrez Villaverde 2"]
[Site "Madrid"]
[Date "2008.10.21"]
[Round "6.1"]
[White "Gutierrez Ramirez, Bruno"]
[Black "Anton Guijarro, David"]
[Result "0-1"]
[WhiteElo "1994"]
[BlackElo "2086"]
[PlyCount "58"]
[EventDate "2008.10.07"]
[EventType "team-swiss"]
[EventRounds "9"]
[EventCountry "ESP"]
[Source "lmi"]
[SourceDate "2008.10.07"]

1. e4 e6 2. d4 d5 3. exd5 exd5 4. Bd3 Nf6 5. Bg5 Bd6 6. Ne2 O-O 7. Nbc3 c6 8.
Qd2 Nbd7 9. O-O-O b5 10. Ng3 Nb6 11. Rde1 Be6 12. Re5 b4 13. Nce2 Nbd7 14. Nh5
Be7 15. Bxf6 Bxf6 16. Re3 a5 17. Rg3 Kh8 18. h4 c5 19. dxc5 Nxc5 20. Nef4 Rg8
21. Nxe6 Nxe6 22. Bf5 a4 23. Bxe6 fxe6 24. Nf4 a3 25. b3 Qd6 26. Re1 Bc3 27.
Ng6+ hxg6 28. Rxc3 bxc3 29. Qg5 Rgf8 0-1

[Event "3. Cerrado Club de Ajedrez Villaverde 2"]
[Site "Madrid"]
[Date "2008.10.21"]
[Round "6.3"]
[White "Vazquez Gonzalez, Jesus"]
[Black "Suarez Triguero, Jose Alfonso"]
[Result "0-1"]
[WhiteElo "2071"]
[BlackElo "2106"]
[PlyCount "52"]
[EventDate "2008.10.07"]
[EventType "team-swiss"]
[EventRounds "9"]
[EventCountry "ESP"]
[Source "lmi"]
[SourceDate "2008.10.07"]

1. e4 e6 2. Nf3 d5 3. Nc3 dxe4 4. Nxe4 Nd7 5. d4 Ngf6 6. Bg5 Be7 7. Nxf6+ Bxf6
8. Bxf6 Nxf6 9. Bd3 c5 10. Bb5+ Bd7 11. Bxd7+ Nxd7 12. O-O O-O 13. d5 exd5 14.
Qxd5 Qc7 15. Rad1 Rad8 16. Qf5 Nf6 17. h4 Qb6 18. Qe5 h6 19. b3 Rxd1 20. Rxd1
Re8 21. Qf5 Qb4 22. c4 Qa5 23. Ne5 Qc3 24. Rd5 Qe1+ 25. Kh2 Rxe5 26. Rxe5 Qxe5+
0-1

[Event "3. Cerrado Club de Ajedrez Villaverde 2"]
[Site "Madrid"]
[Date "2008.10.21"]
[Round "6.4"]
[White "Martin Rodriguez, Emilio"]
[Black "Ramirez Garcia, Jorge Alberto"]
[Result "1-0"]
[WhiteElo "2144"]
[BlackElo "2238"]
[PlyCount "57"]
[EventDate "2008.10.07"]
[EventType "team-swiss"]
[EventRounds "9"]
[EventCountry "ESP"]
[Source "lmi"]
[SourceDate "2008.10.07"]

1. d4 d5 2. c4 c6 3. Nf3 Nf6 4. Nc3 e6 5. Bg5 h6 6. Bh4 dxc4 7. e4 g5 8. Bg3 b5
9. e5 Nh5 10. Be2 Nxg3 11. fxg3 Bb7 12. O-O Nd7 13. Ne4 c5 14. Nd6+ Bxd6 15.
exd6 Qb6 16. Ne5 Rf8 17. Nxf7 Rxf7 18. Bh5 O-O-O 19. Bxf7 cxd4 20. Bxe6 Qxd6
21. Bxd7+ Rxd7 22. Rc1 Kc7 23. Qd2 Kb6 24. Rf2 Qc6 25. a4 a6 26. axb5 axb5 27.
Ra1 Kc5 28. Qa5 Qb6 29. b4+ 1-0

[Event "3. Cerrado Club de Ajedrez Villaverde 2"]
[Site "Madrid"]
[Date "2008.10.23"]
[Round "7.2"]
[White "Ramirez Garcia, Jorge Alberto"]
[Black "Lopez Andujar Ocaña, Antonio"]
[Result "1-0"]
[WhiteElo "2238"]
[BlackElo "2115"]
[PlyCount "41"]
[EventDate "2008.10.07"]
[EventType "team-swiss"]
[EventRounds "9"]
[EventCountry "ESP"]
[Source "lmi"]
[SourceDate "2008.10.07"]

1. e4 e5 2. Nf3 Nf6 3. Nc3 Nc6 4. d4 exd4 5. Nxd4 Bb4 6. Nxc6 bxc6 7. Bd3 d5 8.
exd5 cxd5 9. O-O O-O 10. Bg5 c6 11. Qf3 Be7 12. Rae1 Be6 13. Qg3 Re8 14. f4
Qb6+ 15. Kh1 Qxb2 16. f5 Qxc3 17. fxe6 Kf8 18. exf7 Red8 19. Rxe7 Kxe7 20.
Bxf6+ gxf6 21. Re1+ 1-0

[Event "3. Cerrado Club de Ajedrez Villaverde 2"]
[Site "Madrid"]
[Date "2008.10.23"]
[Round "7.4"]
[White "Vukotic Jovsic, Dragan"]
[Black "Vazquez Gonzalez, Jesus"]
[Result "0-1"]
[WhiteElo "2066"]
[BlackElo "2071"]
[PlyCount "52"]
[EventDate "2008.10.07"]
[EventType "team-swiss"]
[EventRounds "9"]
[EventCountry "ESP"]
[Source "lmi"]
[SourceDate "2008.10.07"]

1. d4 c5 2. c3 cxd4 3. cxd4 g6 4. Bf4 Bg7 5. Qc2 Nc6 6. Nf3 Qa5+ 7. Qc3 Qf5 8.
e3 d5 9. Bd3 Qg4 10. O-O Nh6 11. Na3 O-O 12. Nb5 Bf5 13. h3 Qh5 14. Be2 Be4 15.
Nc7 Rac8 16. Qd2 Qf5 17. Rac1 e5 18. Nxe5 Rxc7 19. Ng4 Qd7 20. Nxh6+ Bxh6 21.
Bxc7 Qxc7 22. b4 Qb6 23. f3 Nxd4 24. Kf2 Nf5 25. Qc3 Bxe3+ 26. Ke1 d4 0-1